Statistics for Children's Authors: Picture Quiz

Click here to take the quiz!

General Stats

  • This quiz has been taken 95 times
  • The average score is 5 of 10

Answer Stats

Answer% Correct
JK Rowling
94%
Roald Dahl
85%
David Walliams
64%
Beatrix Potter
56%
Lewis Carroll
43%
Michael Bond
42%
Rudyard Kipling
30%
Michael Rosen
29%
Charlie Higson
19%
Raymond Briggs
7%

Score Distribution

Percentile by Number Answered

Percent of People with Each Score

Your Score History

You have not taken this quiz